[Event "GRE-chT Online Rapid op 1st"]
[Site "Tornelo INT"]
[Date "2021.02.21"]
[Round "9.35"]
[White "Lazarikos, Michail"]
[Black "Papageorgiou, Michail Argyrios"]
[Result "1-0"]
[WhiteElo "1153"]
[BlackElo "1066"]
[PlyCount "36"]
[EventDate "2021.02.20"]
[EventType "team-swiss (rapid)"]
[EventRounds "9"]
[EventCountry "GRE"]
[SourceTitle "EXT 2023"]
[Source "ChessBase"]
[SourceDate "2022.10.05"]
[SourceVersion "1"]
[SourceVersionDate "2022.10.05"]
[SourceQuality "1"]

1. e4 c6 2. Nf3 d5 3. e5 Bf5 4. d4 e6 5. Bd3 Bxd3 6. Qxd3 c5 7. dxc5 Bxc5 8. Qb5+ Nd7 9. Qxb7 Rb8 10. Qa6 Qc7 11. Nc3 Nxe5 12. Qa4+ Qc6 13. Nxe5 Qxa4 14. Nxa4 Rb4 15. Nxc5 d4 16. Ncd3 Rb5 17. Nf3 e5 18. Nfxe5 Rxe5+ 1-0

[Event "GRE-chT Online Rapid op 1st"]
[Site "Tornelo INT"]
[Date "2021.02.20"]
[Round "3.29"]
[White "Lazarikos, Michail"]
[Black "Mavridis, Emmanouil"]
[Result "0-1"]
[WhiteElo "1153"]
[BlackElo "1261"]
[PlyCount "170"]
[EventDate "2021.02.20"]
[EventType "team-swiss (rapid)"]
[EventRounds "9"]
[EventCountry "GRE"]
[SourceTitle "EXT 2023"]
[Source "ChessBase"]
[SourceDate "2022.10.05"]
[SourceVersion "1"]
[SourceVersionDate "2022.10.05"]
[SourceQuality "1"]

1. e4 e5 2. Nf3 Nc6 3. Bb5 a6 4. Ba4 Nf6 5. 0-0 Bc5 6. c3 d6 7. d4 exd4 8. cxd4 Ba7 9. d5 b5 10. dxc6 bxa4 11. Bf4 0-0 12. Nc3 Bg4 13. Bg5 h6 14. Bh4 g5 15. Bg3 Nh5 16. h3 Nxg3 17. hxg4 Nxf1 18. Kxf1 Rb8 19. Rb1 a3 20. bxa3 Bc5 21. Rb3 Rxb3 22. Qxb3 Qb8 23. a4 Qxb3 24. axb3 Rb8 25. Nd2 Bb4 26. Ncb1 Rb6 27. Nc4 Rxc6 28. Ke2 a5 29. Kd3 Ra6 30. Nc3 c6 31. g3 Bxc3 32. Kxc3 d5 33. exd5 cxd5 34. Ne5 Re6 35. Nd3 Kg7 36. Kd4 Re4+ 37. Kc5 Rxg4 38. Kxd5 f6 39. Kc5 h5 40. Kb5 Rd4 41. Nc5 Rd5 42. b4 axb4 43. Kxb4 Kf7 44. a5 Ke7 45. a6 Rd8 46. Kb5 Rb8+ 47. Kc6 Rc8+ 48. Kb6 Kd6 49. Nb7+ Kd5 50. a7 h4 51. gxh4 gxh4 52. Na5 h3 53. Kb7 Rh8 54. Nc6 h2 55. Nb8 h1Q 56. a8Q Kd6+ 57. Ka7 Qxa8+ 58. Kxa8 Ke5 59. Kb7 f5 60. Nc6+ Kf4 61. Nd4 Ke4 62. Ne6 f4 63. Ng5+ Kd3 64. Kc6 Ke2 65. Kd5 Rh5 66. Ke4 Rxg5 67. Kxf4 Rg8 68. f3 Rf8+ 69. Kg4 Rxf3 70. Kg5 Ke3 71. Kg4 Rf1 72. Kg5 Ke4 73. Kg6 Ke5 74. Kg7 Ke6 75. Kg8 Ke7 76. Kg7 Rg1+ 77. Kh6 Kf7 78. Kh5 Kf6 79. Kh4 Kf5 80. Kh3 Kf4 81. Kh2 Rg7 82. Kh3 Rg8 83. Kh2 Kf3 84. Kh1 Kf2 85. Kh2 Rh8# 0-1